00490nam a22001937a 450000500170000001000110001702000100002803500110003803700160004904000120006508200150007710000260009224500590011826000430017727000140022030000240023465000220025865000160028020170124105948.0 a258822 c00.00 a258822 bCen Lib/Ret aDPLbEN a320.1bJOU aJouvenel, Bertrand De aThe pure theory of politics /cby Bertrand De Jouvenel aNew HavenbYale University Pressc1963 bNew Haven axii, 95p.c20cm(Hb) aPoltical science  aPhilosophy